<?xml version="1.0" encoding="UTF-8"?>
<record
    xmlns:xsi="http://www.w3.org/2001/XMLSchema-instance"
    xsi:schemaLocation="http://www.loc.gov/MARC21/slim http://www.loc.gov/standards/marcxml/schema/MARC21slim.xsd"
    xmlns="http://www.loc.gov/MARC21/slim">

  <leader>01899cam a22002298i 4500</leader>
  <datafield tag="999" ind1=" " ind2=" ">
    <subfield code="c">38135</subfield>
    <subfield code="d">38135</subfield>
  </datafield>
  <datafield tag="020" ind1=" " ind2=" ">
    <subfield code="a">9780367623692</subfield>
  </datafield>
  <datafield tag="041" ind1=" " ind2=" ">
    <subfield code="a">eng-</subfield>
  </datafield>
  <datafield tag="082" ind1="0" ind2="0">
    <subfield code="a">305.8</subfield>
    <subfield code="b">THE-</subfield>
  </datafield>
  <datafield tag="245" ind1="0" ind2="0">
    <subfield code="a">Theories of race and racism :</subfield>
    <subfield code="b">a reader /</subfield>
    <subfield code="c">edited by Les Back and John Solomos.</subfield>
  </datafield>
  <datafield tag="250" ind1=" " ind2=" ">
    <subfield code="a">Third edition.</subfield>
  </datafield>
  <datafield tag="260" ind1=" " ind2=" ">
    <subfield code="a">Newyork :</subfield>
    <subfield code="b">Routledge,</subfield>
    <subfield code="c">2022.</subfield>
  </datafield>
  <datafield tag="300" ind1=" " ind2=" ">
    <subfield code="a">898p. </subfield>
  </datafield>
  <datafield tag="504" ind1=" " ind2=" ">
    <subfield code="a">Includes bibliographical references and index.</subfield>
  </datafield>
  <datafield tag="520" ind1=" " ind2=" ">
    <subfield code="a">"Theories of Race and Racism: A Reader provides an overview of historical and contemporary debates in this vital and ever-evolving field of scholarship and research. Combining contributions from seminal thinkers, leading scholars and emergent voices, this reader provides a critical reflection on key trends and developments in the field. The contributions to this reader provide an overview of key areas of scholarship and research on questions of race and racism. It provides a novel perspective by bringing together readings on the key theoretical and historical processes in this area, the development of diverse theoretical viewpoints, the analysis of antisemitism, the role of colonialism and postcolonialism, feminist perspectives on race and the articulation of new accounts of the contemporary conjuncture. The contributions to this reader include classic works by the likes of W.E.B. DuBois, Stuart Hall and Frantz Fanon as well as timely pieces by contemporary scholars including Orlando Patterson, Patricia Hill Collins and Paul Gilroy. By bringing together a broad range of diverse accounts, Theories of Race and Racism: A Reader engages with various key areas of interest and is an invaluable guide for students and instructors seeking to explore issues of race and racism"--</subfield>
  </datafield>
  <datafield tag="546" ind1=" " ind2=" ">
    <subfield code="a">English.</subfield>
  </datafield>
  <datafield tag="650" ind1=" " ind2="0">
    <subfield code="a">Race.</subfield>
  </datafield>
  <datafield tag="650" ind1=" " ind2="0">
    <subfield code="a">Race relations.</subfield>
  </datafield>
  <datafield tag="650" ind1=" " ind2="0">
    <subfield code="a">Racism.</subfield>
  </datafield>
  <datafield tag="700" ind1="1" ind2=" ">
    <subfield code="a">Back, Les</subfield>
    <subfield code="e">editor.</subfield>
  </datafield>
  <datafield tag="700" ind1="1" ind2=" ">
    <subfield code="a">Solomos, John</subfield>
    <subfield code="e">editor.</subfield>
  </datafield>
  <datafield tag="942" ind1=" " ind2=" ">
    <subfield code="2">ddc</subfield>
    <subfield code="c">BK</subfield>
  </datafield>
  <datafield tag="952" ind1=" " ind2=" ">
    <subfield code="0">0</subfield>
    <subfield code="1">0</subfield>
    <subfield code="4">0</subfield>
    <subfield code="7">0</subfield>
    <subfield code="a">NASSDOC</subfield>
    <subfield code="b">NASSDOC</subfield>
    <subfield code="d">2023-03-16</subfield>
    <subfield code="e">Overseas</subfield>
    <subfield code="g">0.00</subfield>
    <subfield code="l">0</subfield>
    <subfield code="o">305.8 THE-</subfield>
    <subfield code="p">52712</subfield>
    <subfield code="r">2023-05-25 00:00:00</subfield>
    <subfield code="v">0.00</subfield>
    <subfield code="w">2023-05-25</subfield>
    <subfield code="y">BK</subfield>
  </datafield>
</record>
